| Поле | Инд. | ПП | Название | Значение |
|---|---|---|---|---|
| Тип записи | a | |||
| Библиографический уровень | m | |||
| 001 | Контрольный номер | RU/IS/BASE/311962433 | ||
| 005 | Дата корректировки | 20140703181911.2 | ||
| 040 | a | Служба первич. каталог. | НБ ТвГУ | |
| b | Код языка каталог. | rus | ||
| e | Правила каталог. | PSBO | ||
| 041 | 0_ | a | Код языка текста | rus |
| 080 | a | Индекс УДК | 376.58(075.8) | |
| 084 | a | Индекс другой классификации/Индекс ББК | Ч420.044.3я73-1 | |
| a | Индекс другой классификации/Индекс ББК | Ю983.6я73-1 | ||
| 090 | a | Полочн. индекс | Ч420.0 | |
| x | Авторский знак | Д 44 | ||
| 245 | 10 | a | Заглавие | Диагностика признаков и показателей отклоняющегося поведения в работе учителя начальной школы |
| b | Продолж. заглавия | учебно-методическое пособие для студентов 4 курса ДО педагогического факультета, обучающихся по специальности 050708 - Педагогика и методика начального образования | ||
| c | Ответственность | ГОУ ВПО "Твер. гос. ун-т", Каф. педагогики и психологии нач. образования ; [авт.-сост.: И. Ф. Нестерова] | ||
| 260 | a | Место издания | Тверь | |
| b | Издательство | Тверской государственный университет | ||
| c | Дата издания | 2009 | ||
| 300 | a | Объем | 34 с. | |
| b | Иллюстрации/ тип воспроизводства | ил., табл. | ||
| 504 | a | Библиография | Библиогр. в конце кн. и в подстроч. примеч. | |
| 650 | a | Основная рубрика | Педагогика школы | |
| 650 | 14 | a | Основная рубрика | Начальная школа |
| 650 | 14 | a | Основная рубрика | Отклоняющееся поведение |
| x | Основная подрубрика | Диагностика | ||
| 653 | a | Ключевые слова | Диагностика отклоняющегося поведения | |
| a | Ключевые слова | Начальная школа | ||
| a | Ключевые слова | Отклоняющееся поведение | ||
| a | Ключевые слова | Педагогика школы | ||
| a | Ключевые слова | Педагогически запущенные дети | ||
| a | Ключевые слова | Трудные дети | ||
| 700 | a | Другие авторы | Нестерова Ирина Федоровна | |
| e | Роль лиц | авт.-сост. | ||
| 920 | a | Оператор | Густ | |
| a | Оператор | Стро | ||
| 930 | a | Новая/Ретро | учебники | |
| 952 | c | Вид литературы | Б у | |
| 954 | a | Дата поступления на обработку | 20091124 |